Problemas de líneas de transmisión
Đã lưu trong:
| Những tác giả chính: | , , , , |
|---|---|
| Định dạng: | Sách |
| Ngôn ngữ: | Tiếng Tây Ban Nha |
| Được phát hành: |
Valencia
Universidad Politécnica de Valencia
2001
|
| Những chủ đề: | |
| Các nhãn: |
Thêm thẻ
Không có thẻ, Là người đầu tiên thẻ bản ghi này!
|
MARC
| LEADER | 00000nam a2200000 a 4500 | ||
|---|---|---|---|
| 001 | UCK7671 | ||
| 003 | CL-VaPUC | ||
| 008 | 051202e20010000SP |||||||||||||||||spa|d | ||
| 020 | |a 849705119Xv.1 | ||
| 082 | 0 | 4 | |a 621.382 |b BOR |2 21 |
| 100 | 0 | |a Boria Esbert, Vicente E |e author |9 497194 | |
| 700 | 0 | |a Rodrigo Peñarrocha, Vicent Miquel |e author |9 497195 | |
| 700 | 0 | |a San Blas Oltra, Angel A |e author |9 497196 | |
| 700 | 0 | |a Soto Pacheco, Pablo |e author |9 497197 | |
| 700 | 0 | |a Bechiller Martín, Carmen |e author |9 497198 | |
| 245 | 1 | 0 | |a Problemas de líneas de transmisión |
| 300 | |a v | ||
| 942 | |c BK | ||
| 945 | |d 20051202 00:00:00 |a cmena | ||
| 260 | |a Valencia |b Universidad Politécnica de Valencia |c 2001 | ||
| 500 | |a v.1: 1999-2001 | ||
| 650 | 0 | |a Telecomunicaciones |9 257195 | |
| 650 | 7 | |a RADIOCOMUNICACIONES |2 CL-VaPUC |9 385953 | |
| 650 | 0 | |a Problemas, ejercicios, etc |9 259377 | |
| 650 | 7 | |a LINEAS DE TRANSMISION |2 CL-VaPUC |9 453303 | |
| 650 | 0 | |a Propagación de ondas |9 263256 | |
| 583 | |a last modification |c 20190731 11:21:25 |k Rodrigo Vera | ||
| 999 | |c 315523 |d 315521 | ||
| 952 | |0 0 |1 0 |2 ddc |4 0 |6 621_382000000000000_BOR_2001 |7 0 |8 A |9 388835 |a BIBING |b BIBING |c RES |d 2019-11-22 |h v.1 |i 418159K |o 621.382 BOR 2001 |p 418159K |r 2025-01-20 |w 2019-11-22 |y BK |k EIE | ||